Реферативный журнал. (Record no. 144401)
[ view plain ]
| 000 -LEADER | |
|---|---|
| fixed length control field | 01634nas a2200349 a 4500 |
| 001 - CONTROL NUMBER | |
| control field | 000377699 |
| 003 - CONTROL NUMBER IDENTIFIER | |
| control field | AM-YeHGA |
| 005 - DATE AND TIME OF LATEST TRANSACTION | |
| control field | 20250617132050.0 |
| 008 - FIXED-LENGTH DATA ELEMENTS--GENERAL INFORMATION | |
| fixed length control field | 030304c19999999ru r1 0 0rus d |
| 022 0# - INTERNATIONAL STANDARD SERIAL NUMBER | |
| International Standard Serial Number | 0034-2343 |
| 040 ## - CATALOGING SOURCE | |
| Original cataloging agency | AM-YeHGA |
| 041 0# - LANGUAGE CODE | |
| Language code of text/sound track or separate title | rus |
| 090 ## - LOCALLY ASSIGNED LC-TYPE CALL NUMBER (OCLC); LOCAL CALL NUMBER (RLIN) | |
| -- | 145785 |
| 130 0# - MAIN ENTRY--UNIFORM TITLE | |
| Uniform title | Реферативный журнал |
| 210 1# - ABBREVIATED TITLE | |
| Abbreviated title | РЖ |
| 222 #0 - KEY TITLE | |
| Key title | Реферативный журнал. 18. Физика. Систематический указатель |
| 245 10 - TITLE STATEMENT | |
| Title | Реферативный журнал. |
| Number of part/section of a work | 18, |
| Name of part/section of a work | Физика. |
| -- | Систематический указатель / |
| Statement of responsibility, etc. | АН СССР. ВИНИТИ, Гос. комитет СССР по науке и технике. |
| 246 30 - VARYING FORM OF TITLE | |
| Title proper/short title | Физика |
| Name of part/section of a work | Систематический указатель |
| 246 30 - VARYING FORM OF TITLE | |
| Title proper/short title | Систематический указатель |
| 260 ## - PUBLICATION, DISTRIBUTION, ETC. | |
| Place of publication, distribution, etc. | Москва : |
| Name of publisher, distributor, etc. | Изд-во ВИНИТИ. |
| 270 ## - ADDRESS | |
| Address | Ул. Усиевича, 20 |
| City | Москва |
| Postal code | 125190 |
| Telephone number | (095) 152-5492 ; 152-6441 |
| Fax number | (095) 152-5492 |
| Electronic mail address | market@viniti.ru |
| 300 ## - PHYSICAL DESCRIPTION | |
| Extent | т. |
| 310 ## - CURRENT PUBLICATION FREQUENCY | |
| Current publication frequency | 2 раза в год |
| 650 04 - SUBJECT ADDED ENTRY--TOPICAL TERM | |
| Topical term or geographic name entry element | Ամսագիր |
| 650 14 - SUBJECT ADDED ENTRY--TOPICAL TERM | |
| Topical term or geographic name entry element | Физика |
| Form subdivision | Периодические издания |
| 650 14 - SUBJECT ADDED ENTRY--TOPICAL TERM | |
| Topical term or geographic name entry element | Физика |
| Form subdivision | Систематический указатель |
| 710 0# - ADDED ENTRY--CORPORATE NAME | |
| Corporate name or jurisdiction name as entry element | Всесоюзный институт научной и технической информации (ВИНИТИ) АН СССР |
| 710 2# - ADDED ENTRY--CORPORATE NAME | |
| Corporate name or jurisdiction name as entry element | Государственный комитет СССР по науке и технике |
| 856 4# - ELECTRONIC LOCATION AND ACCESS | |
| Uniform Resource Identifier | <a href="http://www.viniti.ru">http://www.viniti.ru</a> |
| 856 4# - ELECTRONIC LOCATION AND ACCESS | |
| Uniform Resource Identifier | <a href="http://www.viniti.ru/pro_referat.html">http://www.viniti.ru/pro_referat.html</a> |
| 942 ## - ADDED ENTRY ELEMENTS (KOHA) | |
| Source of classification or shelving scheme | Universal Decimal Classification |
| Koha item type | Շարունակական պաշար / Continuing Resource |
| Withdrawn status | Lost status | Damaged status | Not for loan | Collection | Home library | Current library | Date acquired | Serial enumeration / chronology | Total checkouts | Barcode | Date last seen | Price effective from | Koha item type | Public note |
|---|---|---|---|---|---|---|---|---|---|---|---|---|---|---|
| General | Fundamental Scientific Library | Fundamental Scientific Library | 22/12/2016 | 1984 за 1981 | 377699-270 | 22/12/2016 | 22/12/2016 | Շարունակական պաշար / Continuing Resource | 30 Days Loan | |||||
| General | Fundamental Scientific Library | Fundamental Scientific Library | 22/12/2016 | 1984 за 1982 | 377699-280 | 22/12/2016 | 22/12/2016 | Շարունակական պաշար / Continuing Resource | 30 Days Loan | |||||
| General | Fundamental Scientific Library | Fundamental Scientific Library | 22/12/2016 | 1984 за 1983 | 377699-290 | 22/12/2016 | 22/12/2016 | Շարունակական պաշար / Continuing Resource | 30 Days Loan | |||||
| General | Fundamental Scientific Library | Fundamental Scientific Library | 22/12/2016 | 1985 за 1984 | 377699-300 | 22/12/2016 | 22/12/2016 | Շարունակական պաշար / Continuing Resource | 30 Days Loan | |||||
| General | Fundamental Scientific Library | Fundamental Scientific Library | 22/12/2016 | 1986 за 1985 | 377699-310 | 22/12/2016 | 22/12/2016 | Շարունակական պաշար / Continuing Resource | 30 Days Loan | |||||
| General | Fundamental Scientific Library | Fundamental Scientific Library | 22/12/2016 | 1987 за 1986 | 377699-320 | 22/12/2016 | 22/12/2016 | Շարունակական պաշար / Continuing Resource | 30 Days Loan | |||||
| General | Fundamental Scientific Library | Fundamental Scientific Library | 22/12/2016 | 1987 за 1987 | 377699-330 | 22/12/2016 | 22/12/2016 | Շարունակական պաշար / Continuing Resource | 30 Days Loan | |||||
| General | Fundamental Scientific Library | Fundamental Scientific Library | 22/12/2016 | 1988 за 1987 | 377699-340 | 22/12/2016 | 22/12/2016 | Շարունակական պաշար / Continuing Resource | 30 Days Loan | |||||
| General | Fundamental Scientific Library | Fundamental Scientific Library | 22/12/2016 | 1990 за 1988 | 377699-350 | 22/12/2016 | 22/12/2016 | Շարունակական պաշար / Continuing Resource | 30 Days Loan | |||||
| General | Fundamental Scientific Library | Fundamental Scientific Library | 22/12/2016 | 1991 за 1989 | 377699-360 | 22/12/2016 | 22/12/2016 | Շարունակական պաշար / Continuing Resource | 30 Days Loan |
ՀՀ Գիտությունների ազգային ակադեմիայի հիմնարար գիտական գրադարան = Fundamental Scientific Library of NAS RA
All site content, except where otherwise noted, is licensed under a